000 00780cam a2200241 i 4500
001 800711
005 20230321095357.0
008 760211s1976 nyua b 001 0 eng
010 _a 75032025
020 _a0122497503
040 _aDLC
_cDLC
_dDLC
050 0 0 _aTL588.5
_b.F34
082 0 0 _a629.1325
_bFAR
100 1 _aFarrell, James L.
_q(James Lawrence),
_d1934-
_9110744
245 1 0 _aIntegrated aircraft navigation /
_cJames L. Farrell.
260 _aNew York :
_bAcademic Press,
_c1976.
300 _axv, 351 p. :
_bill. ;
_c24 cm.
504 _aIncludes bibliographical references and index.
650 0 _aInertial navigation (Aeronautics)
_9110557
650 0 _aEstimation theory.
_910694
906 _a7
_bcbc
_corignew
_d1
_eocip
_f19
_gy-gencatlg
942 _2ddc
_cBK
999 _c593899
_d593899